MARC

LEADER 00000nam0a2200000 4500
001 309309
005 20231102002158.0
035 |a (RuTPU)RU\TPU\book\334631 
090 |a 309309 
100 |a 20151112d1981 km y0rusy50 ca 
101 1 |a rus  |c ger 
102 |a RU 
105 |a a z 001zy 
200 1 |a Атмосферная коррозия в промышленном и гражданском строительстве  |e пер. с нем.  |f под ред. Д. Гримме, К. А. Ван Этерена, М. Печке, В. Швенка 
210 |a Москва  |c Металлургия  |d 1981 
215 |a 192 с.  |c ил. 
320 |a Библиогр. в конце ст. 
606 1 |a Металлические конструкции  |x Защита от коррозии  |2 stltpush  |3 (RuTPU)RU\TPU\subj\42316  |9 61995 
610 1 |a гражданское строительство 
610 1 |a коррозионное материаловедение 
610 1 |a конструирование 
610 1 |a узлы 
610 1 |a долговечность 
610 1 |a атмосферная коррозия 
610 1 |a антикоррозионная защита 
610 1 |a лакокрасочные покрытия 
675 |a 691.7:620.197  |v 4 
702 1 |a Гримме  |b Д.  |4 340 
702 1 |a Ван Этерен  |b К. А.  |4 340 
702 1 |a Печке  |b М.  |4 340 
702 1 |a Швенк  |b В.  |4 340 
801 1 |a RU  |b 63413507  |c 20151112 
801 2 |a RU  |b 63413507  |c 20191029  |g RCR 
942 |c BK